00510nam a2200157Ia 450000500170000000800410001708200130005810000210007124500320009226000580012430000110018250000450019394200060023895200950024499900130033920240625013621.0240331s9999 xx 000 0 und d a060bKAD aOmurkulov, Kadyr 0aKirghiziacKadyr, Omurkulov aMoscow bNovosti Press Agency Publishing House c1987 a85 p., aSocialist Republics of the Soviet Union cL 001040708LaWERCLbWERCLcSSCd2024-03-31l0o 060 OMUp1109r2024-03-31w2024-03-31yL c644d644